Κατάλογος Βιβλιοθηκών Mediterranean College

Management / Sixth Edition (Record no. 699)

MARC details
000 -LEADER
fixed length control field 01605cam a22002054a 4500
005 - ΗΜΕΡΟΜΗΝΙΑ ΚΑΙ ΩΡΑ ΤΕΛΕΥΤΑΙΑΣ ΕΝΗΜΕΡΩΣΗΣ
Πεδίο ελέγχου 20250605163943.0
008 - FIXED-LENGTH DATA ELEMENTS--GENERAL INFORMATION
Πεδίο ελέγχου σταθερού μήκους 250528s ||||||||||||||||||||||||d
035 ## - SYSTEM CONTROL NUMBER
System control number 15102
020 ## - ISBN
ISBN 395893518
040 ## - ΠΗΓΗ ΚΑΤΑΛΟΓΟΓΡΑΦΗΣΗΣ
Φορέας πρωτότυπης καταλογογράφησης MC Athens Campus Library
Γλώσσα καταλογογράφησης Ελληνικά, Μοντέρνα (1453-)
Modifying agency MC Athens Campus Library
Κανόνες περιγραφικής καταλογογράφησης AACR2
245 1# - ΤΙΤΛΟΣ ΚΑΙ ΔΗΛΩΣΗ ΥΠΕΥΘΥΝΟΤΗΤΑΣ
Τίτλος Management / Sixth Edition
250 ## - EDITION STATEMENT
Edition statement 6th
260 ## - PUBLICATION, DISTRIBUTION, ETC.
Name of publisher, distributor, etc. Houghton Mifflin Company,
Date of publication, distribution, etc. 1999
300 ## - PHYSICAL DESCRIPTION
Extent 754
520 ## - SUMMARY, ETC.
Summary, etc. In business, value is what you get for your money - and real value means a readable, up-to-date textbook with great Web supplements. An Introduction to Management, Managing and the Manager's Job, Traditional and Contemporary Issues and Challenges, The Environmental Context of Management, The Environment of Organizations and Managers, The Ethical and Social Environment, The Global Environment, The Cultural and Multicultural Environment, Planning and Decision Making, Basic Elements of Planning and Decision Making, Managing Strategy and Strategic Planning, Managing Decision Making and Problem Solving, Managing Entrepreneurship and New Venture Formation, The Organizing Process, Basic Elements of Organizing, Managing Organization Design, Managing Organization Change and Innovation, Managing Human Resources in Organizations, The Leading Process, Basic Elements of Individual Behavior in Organizations, Managing Employee Motivation and Performance, Managing Leadership and Influence Processes, Managing Interpersonal Relations and Communication, The Controlling Process, Basic Elements of Control, End-of-Part Video Cases.
700 1# - ΠΡΟΣΘΕΤΗ ΑΝΑΓΡΑΦΗ--ΦΥΣΙΚΟ ΠΡΟΣΩΠΟ
Personal name Griffin W. Ricky
9 (RLIN) 949
942 ## - ADDED ENTRY ELEMENTS (KOHA)
Koha item type Books
Holdings
Τύπος τεκμηρίου Βιβλιοθήκη Τρέχουσα τοποθεσία Barcode Αριθμός εισαγωγής Ημερομηνία απόκτησης Ταξιθετικό σύμβολο Αριθμός αντιτύπου Κατάσταση απόσυρσης Κατάσταση χαμένου Κατάσταση κατεστραμμένου Μη δανεισμός Σύνολο δανεισμών Ημερομηνία τελευταίας εμφάνισης Η τιμή ισχύει από
Books MC Athens Campus Library MC Athens Campus Library 9780000006981 1332 05/06/2025 658 GRI 1           05/06/2025 05/06/2025

MC Athens Campus Library
Πατησίων 94 & Κοδριγκτώνος 13, 104 34
Πελλήνης 8 & Πατησίων 107, 112 51
Τ: +30 210 8899600

MC Thessaloniki Campus Library
Ίωνος Δραγούμη 21, 54625 | Ίωνος Δραγούμη 15, 54625
Τ: +30 2310 287779 – Τ: +30 2314 440300